| 000 | 00422nam a2200145Ia 4500 | ||
|---|---|---|---|
| 008 | 230917s9999||||xx |||||||||||||| ||und|| | ||
| 040 |
_e187253 _aMAIN |
||
| 041 | _aEnglish | ||
| 082 | _a005.133 I2P | ||
| 100 | _aIndira Gandhi National Open University | ||
| 245 | 0 | _aProblem solving and programming (MCS-011). 3V. | |
| 260 |
_aNew Delhi _bIndira Gandhi National Open University _c2008 |
||
| 300 | _av. p. | ||
| 942 | _cBK | ||
| 999 |
_c161645 _d161645 |
||